Historia de España Alfaguara / (Record no. 20031)
[ view plain ]
| 000 -LEADER | |
|---|---|
| campo de control de longitud fija | 01450nam a2200301 i 4500 |
| 001 - NÚMERO DE CONTROL | |
| campo de control | 20031 |
| 003 - IDENTIFICADOR DE NÚMERO DE CONTROL | |
| campo de control | ES-MaACL |
| 005 - FECHA Y HORA DE LA ÚLTIMA TRANSACCIÓN | |
| campo de control | 20251001145914.0 |
| 007 - CAMPO FIJO DE DESCRIPCIÓN FÍSICA--INFORMACIÓN GENERAL | |
| campo de control de longitud fija | t| |
| 008 - DATOS DE LONGITUD FIJA--INFORMACIÓN GENERAL | |
| campo de control de longitud fija | 021113m19731975sp ||||1| spa d |
| 080 ## - NÚMERO DE LA CLASIFICACIÓN DECIMAL UNIVERSAL | |
| Número de la Clasificación Decimal Universal | 946.0 |
| 245 00 - MENCIÓN DEL TÍTULO | |
| Título | Historia de España Alfaguara / |
| Mención de responsabilidad, etc. | dirigida por Miguel Artola. |
| 260 ## - PUBLICACIÓN, DISTRIBUCIÓN, ETC. | |
| Lugar de publicación, distribución, etc. | Madrid : |
| Nombre del editor, distribuidor, etc. | Alianza Editorial, |
| Fecha de publicación, distribución, etc. | 1973-75. |
| 300 ## - DESCRIPCIÓN FÍSICA | |
| Extensión | 7 v. ; |
| Dimensiones | 20 cm. |
| 504 ## - NOTA DE BIBLIOGRAFÍA, ETC. | |
| Nota de bibliografía, etc. | Bibliografía. |
| 505 8# - NOTA DE CONTENIDO CON FORMATO | |
| Nota de contenido con formato | Contiene: 1. Condicionamientos geográficos, edad antigua / Angel Cabo, Marcelo Vigil -- 2. La época medieval / José Angel García de Cortázar -- 3. El antiguo régimen : los Reyes Católicos y los Austrias /Antonio Dominguez Ortiz -- 4. El antiguo régimem : los Borbones / Gonzalo Anés -- 5. La burguesía revolucionaria (1808-1874) / Miguel Artola -- 6. La burguesía conservadora (1874-1931) / Miguel Martínez Cuadrado -- 7. La República, la era de Franco / Ramón Tamamnes |
| 651 #4 - PUNTO DE ACCESO ADICIONAL DE MATERIA--NOMBRE GEOGRÁFICO | |
| Nombre geográfico | España- |
| Subdivisión general | Historia. |
| 9 (RLIN) | 8209 |
| 700 1# - ENTRADA AGREGADA--NOMBRE PERSONAL | |
| Nombre de persona | Artola, Miguel, |
| Fechas asociadas al nombre | 1923-2020 |
| 9 (RLIN) | 23497 |
| 700 1# - ENTRADA AGREGADA--NOMBRE PERSONAL | |
| Nombre de persona | Cabo, Angel. |
| 9 (RLIN) | 33225 |
| 700 1# - ENTRADA AGREGADA--NOMBRE PERSONAL | |
| Nombre de persona | Vigil, Marcelo. |
| 9 (RLIN) | 114630 |
| 700 1# - ENTRADA AGREGADA--NOMBRE PERSONAL | |
| Nombre de persona | García de Cortázar y Ruiz de Aguirre, José Ángel. |
| 9 (RLIN) | 54415 |
| 700 1# - ENTRADA AGREGADA--NOMBRE PERSONAL | |
| Nombre de persona | Domínguez Ortiz, Antonio, |
| Fechas asociadas al nombre | 1909-2003 |
| 9 (RLIN) | 45233 |
| 700 1# - ENTRADA AGREGADA--NOMBRE PERSONAL | |
| Nombre de persona | Anes, Gonzalo, |
| Fechas asociadas al nombre | 1931-2014 |
| 9 (RLIN) | 21689 |
| 700 1# - ENTRADA AGREGADA--NOMBRE PERSONAL | |
| Nombre de persona | Martínez Cuadrado, Miguel. |
| 9 (RLIN) | 77963 |
| 700 1# - ENTRADA AGREGADA--NOMBRE PERSONAL | |
| Nombre de persona | Tamames, Ramón, |
| Fechas asociadas al nombre | 1933- |
| 9 (RLIN) | 237391 |
| 852 ## - LOCALIZACIÓN | |
| Ubicación | ES-MaACL |
| Número de control de estantería | E-9561-7 |
| Sublocalización o colección | R.89603 |
| Estatus retirado | Estado de pérdida | Estado de daño | No para préstamo | Biblioteca de origen | Biblioteca actual | Ubicación en estantería | Fecha de adquisición | Fuente de adquisición | Total de préstamos | Signatura topográfica completa | Código de barras | Visto por última vez | Precio de reemplazo | Tipo de ítem Koha |
|---|---|---|---|---|---|---|---|---|---|---|---|---|---|---|
| Biblioteca del Ateneo de Madrid | Biblioteca del Ateneo de Madrid | Depósito 2 | 17/01/2008 | E-9561-7 | 1020527 | 23/02/2023 | 23/02/2023 | Libro impreso |
